<?xml version="1.0" encoding="UTF-8"?>
<record
    xmlns:xsi="http://www.w3.org/2001/XMLSchema-instance"
    xsi:schemaLocation="http://www.loc.gov/MARC21/slim http://www.loc.gov/standards/marcxml/schema/MARC21slim.xsd"
    xmlns="http://www.loc.gov/MARC21/slim">

  <leader>02285nam a2200265Ia 4500</leader>
  <controlfield tag="003">OSt</controlfield>
  <controlfield tag="005">20210825164147.0</controlfield>
  <controlfield tag="008">210310s1993    ck     gr     000 0 spa d</controlfield>
  <datafield tag="020" ind1=" " ind2=" ">
    <subfield code="a">9586161986</subfield>
  </datafield>
  <datafield tag="040" ind1=" " ind2=" ">
    <subfield code="a">CO-JMCR</subfield>
    <subfield code="c">CO-JMCR</subfield>
  </datafield>
  <datafield tag="041" ind1="0" ind2=" ">
    <subfield code="a">spa</subfield>
  </datafield>
  <datafield tag="082" ind1="0" ind2="4">
    <subfield code="a">340.0285 /</subfield>
    <subfield code="b">V297m</subfield>
    <subfield code="2">23</subfield>
  </datafield>
  <datafield tag="100" ind1="1" ind2=" ">
    <subfield code="a">Vargas Osorno, Teresa Genoveva, </subfield>
    <subfield code="9">17250</subfield>
    <subfield code="e">autora</subfield>
  </datafield>
  <datafield tag="245" ind1="1" ind2="0">
    <subfield code="a">Manual de introducci&#xF3;n a la inform&#xE1;tica jur&#xED;dica / </subfield>
    <subfield code="c">Teresa Genoveva Vargas Osorno</subfield>
  </datafield>
  <datafield tag="250" ind1=" " ind2=" ">
    <subfield code="a">Primera edici&#xF3;n</subfield>
  </datafield>
  <datafield tag="260" ind1=" " ind2=" ">
    <subfield code="a">Bogot&#xE1; : </subfield>
    <subfield code="b">Universidad Externado de Colombia, </subfield>
    <subfield code="c">1993</subfield>
  </datafield>
  <datafield tag="300" ind1=" " ind2=" ">
    <subfield code="a">108 p&#xE1;ginas ; </subfield>
    <subfield code="c">21 cm.</subfield>
  </datafield>
  <datafield tag="500" ind1=" " ind2=" ">
    <subfield code="a">Incluye notas a pie de p&#xE1;gina.</subfield>
  </datafield>
  <datafield tag="504" ind1=" " ind2=" ">
    <subfield code="a">Bibliograf&#xED;a: p&#xE1;ginas 105-108</subfield>
  </datafield>
  <datafield tag="505" ind1="0" ind2=" ">
    <subfield code="a">Informaci&#xF3;n jur&#xED;dica -- Introducci&#xF3;n a la inform&#xE1;tica -- Inform&#xE1;tica jur&#xED;dica</subfield>
  </datafield>
  <datafield tag="520" ind1="3" ind2=" ">
    <subfield code="a">Gracias al af&#xE1;n de conocimiento del hombre los ratas del saber lo han llevado a la creaci&#xF3;n de una gran diversidad de obras cient&#xED;ficas doctrinales y de documentaci&#xF3;n oficial, entre otras, que generan un c&#xFA;mulo de informaci&#xF3;n cuya localizaci&#xF3;n y b&#xFA;squeda. originan grandes inconvenientes, y en la mayor&#xED;a de los casos esta valiosa informaci&#xF3;n desaparece sin haber; sido utilizada debidamente.
Es tal vez en el campo del derecho donde se produce con mayor intensidad esta crisis, este fen&#xF3;meno de incremento de documentaci&#xF3;n, pues d&#xED;a tras d&#xED;a, tanto a nivel legislativo como jurisprudencial y doctrinal, se crean nuevas obras que hacen imposible que los juristas magistrados, jueces y funcionarios, etc. puedan cumplir cabalmente con sus funciones, ya que se ven abocados a una falta de tiempo para consultar lo que a diario se produce.
No nos queda la menor duda de que cuando la legislaci&#xF3;n, jurisprudencia y doctrina est&#xE9;n perfectamente ordenadas, debidamente clasificadas de f&#xE1;cil acceso, de consulta r&#xE1;pida e integra, los problemas de esta &#xED;ndole disminuir&#xE1;n. surgiendo como soluci&#xF3;n eficaz, segura y confiable la Inform&#xE1;tica Jur&#xED;dica, que utiliza los avances de la tecnolog&#xED;a, haciendo de la computadora una herramienta m&#xE1;s del derecho y solucionando problemas de tratamiento de la informaci&#xF3;n</subfield>
  </datafield>
  <datafield tag="650" ind1="1" ind2="4">
    <subfield code="a">Sistemas de almacenamiento y recuperaci&#xF3;n de la informaci&#xF3;n</subfield>
    <subfield code="9">17252</subfield>
  </datafield>
  <datafield tag="650" ind1="2" ind2="4">
    <subfield code="a">Derecho</subfield>
    <subfield code="x">Servicios de informaci&#xF3;n</subfield>
    <subfield code="9">39711</subfield>
  </datafield>
  <datafield tag="942" ind1=" " ind2=" ">
    <subfield code="2">ddc</subfield>
    <subfield code="c">BK</subfield>
  </datafield>
  <datafield tag="999" ind1=" " ind2=" ">
    <subfield code="c">8431</subfield>
    <subfield code="d">8431</subfield>
  </datafield>
  <datafield tag="952" ind1=" " ind2=" ">
    <subfield code="0">0</subfield>
    <subfield code="1">0</subfield>
    <subfield code="2">ddc</subfield>
    <subfield code="4">0</subfield>
    <subfield code="7">0</subfield>
    <subfield code="8">NFIC</subfield>
    <subfield code="a">CPL</subfield>
    <subfield code="b">CPL</subfield>
    <subfield code="d">2018-04-15</subfield>
    <subfield code="e">Donaci&#xF3;n</subfield>
    <subfield code="o">340.0285 / V297m</subfield>
    <subfield code="p">430006389</subfield>
    <subfield code="r">2024-05-16 00:00:00</subfield>
    <subfield code="t">Ej.1</subfield>
    <subfield code="y">BK</subfield>
  </datafield>
</record>
